| 000 | 00677cam a2200205 a 4500 | ||
|---|---|---|---|
| 999 |
_c7507 _d7507 |
||
| 003 | OSt | ||
| 005 | 20200312061509.0 | ||
| 008 | 980409s1998 ii af 001 0 eng | ||
| 020 | _a9788186050118 | ||
| 082 | 0 | 0 |
_a730.954 _221 |
| 100 | 1 | _aQureshi, Dulari. | |
| 245 | 1 | 0 |
_aArt and vision of Aurangabad caves / _cDulari Qureshi. |
| 260 |
_aDelhi : _bBharatiya Kala Prakashan, _c1998. |
||
| 300 |
_axxi, 185 p., [80] p. of plates : _bill. ; _c28 cm. |
||
| 504 | _aIncludes bibliographical references (p. [172]-177) and index. | ||
| 650 | 0 |
_aSculpture _zIndia _zAurangabad. |
|
| 650 | 0 |
_aBuddhist art _zIndia _zAurangabad. |
|
| 650 | 0 |
_aCave temples _zIndia _zAurangabad. |
|
| 942 | _2ddc | ||